[Event "EU-Cup 21st"]
[Site "Saint Vincent"]
[Date "2005.09.20"]
[Round "3.4"]
[White "Jacimovic, Dragoljub"]
[Black "Boensch, Uwe"]
[Result "1/2-1/2"]
[WhiteElo "2438"]
[BlackElo "2547"]
[Annotator "Marin,M"]
[PlyCount "83"]
[EventDate "2005.09.18"]
[EventType "team-swiss"]
[EventRounds "7"]
[EventCountry "ITA"]
[SourceTitle "CBM 110"]
[Source "ChessBase"]
[SourceDate "2006.01.31"]
[SourceVersion "1"]
[SourceVersionDate "2006.01.31"]
[SourceQuality "1"]
[WhiteTeam "Skopje"]
[BlackTeam "Tegernsee"]
[WhiteTeamCountry "MKD"]
[BlackTeamCountry "GER"]

1. d4 d5 2. c4 e6 3. Nc3 Nf6 4. cxd5 exd5 5. Bg5 c6 6. e3 Be7 7. Qc2 Nbd7 8.
Bd3 O-O 9. Nf3 Re8 10. h3 Nf8 11. Bf4 ({The classical move order to reach the
position after the 13th move is} 11. O-O Be6 12. Rab1 N6d7 13. Bf4 {Generally,
I consider this to be Black's best reaction to the whole plan starting with h3.
I have highlighted some of the aspects of this line in the notes to 2 games
with Jussupov as Black, from CBM 106 and 107 as well as to Lytchak,A (2436)
-Boensch,U (2540)/Germany 2005/CBM 107.}) 11... Be6 12. O-O N6d7 13. Rab1 Nb6
14. Rfc1 Bd6 15. Bxd6 Qxd6 16. Na4 Nxa4 17. Qxa4 g6 18. b4 a6 19. Qc2 Nd7 20.
a4 {I have commented on this course of events in the previous issues of CBM.
Time has come for a novelty.} Rec8 $146 (20... Rac8 {would transpose to 0-1
Lytchak,A (2436)-Boensch,U (2540)/Germany 2005/CBM 107/[Marin,M] (37). I am
not sure whether Boensch planned his novelty as a consequence of home
preparation or, being a specialist of the variation, decided to test over the
board a sligthly different arrangement of pieces. In any case, his novelty
looks like an attempt to inhibit any queen side operation from White's side,
but releases the virtual pressure along the e-file.}) 21. Qc3 Qe7 22. Nd2 Qg5 {
So far, the game had a similar course with the previous one.} 23. f4 $5 {
A logical consequence of the transfer of black king's rook to the queen side.
White does not need to worry about the relative weakness of the e3-pawn. The
main ideas behind this resolute advance of the f-pawn are to restrict the
activity of the enemy queen and to win some space in view of a further
positional attack.} ({The previous game (with the rooks placed on e8 and c8)
continued} 23. Kf1 {when after} Qf6 {White already suggested a move repetition
with} 24. Kg1) 23... Qg3 {It is hard to refrain from occupying (even though
only temporarily) such a square.} ({However, I believe that} 23... Qh4 {
would have been more flexible. The threat of sacrificing the bishopon on h3
with at least a perpetual check for Black forces White to take immediate
measures.} 24. Nf3 (24. Kh2 $6 Nf6 $36) (24. Bf1 $2 Qg3 25. Kh1 Nf6) (24. Nf1 {
would simply lose a tempo compared to the game.}) 24... Qe7 $1 (24... Qg3 25.
Qe1 $1 Qxe1+ 26. Rxe1 $14 {After the exchange of queens, White can safely
advance his king side pawns, obtaining a noticeable advantage of space.}) 25.
Kh2 {(Avoiding possible sacrifices on h3, followed by Qxe3+ and Qxf4)} Nf6 $13)
24. Nf1 Qh4 25. Qd2 {A multi purpose move. White not only renews the threat of
b5, but prepares for a king side action as well.} Nb6 26. a5 {Strictly
speaking, this move was not really necessary.} ({However, after} 26. Ra1 Qe7 {
White can still not proceed with his queen side attack because after} 27. b5
axb5 28. axb5 Rxa1 29. Rxa1 c5 $1 $132 {Black gets excellent counterplay, with
his knight very stable on b6.}) 26... Nd7 27. Qf2 Qe7 {Again, the exchange of
queens would favour White.} 28. g4 f6 29. Ng3 Bf7 30. Re1 Re8 {Admitting the
slightly dubious character of the novelty. In the next game, Boensch might
leave this rook on e8 after all.} 31. e4 $36 {White has astrong initiative in
the centre. Black's queen side weaknesses are a source of worry in the
perspective of an ending, while the king side weaknesses need special
attention while there are queens on board.} dxe4 32. Nxe4 Qf8 33. f5 Qh6 34.
Kh2 Bd5 35. Nc5 $6 (35. Nd6 $5 Rxe1 36. Rxe1 Qf8 37. Qg3 $14) 35... Nxc5 36.
bxc5 Rxe1 37. Rxe1 Rf8 38. Qe3 Qxe3 39. Rxe3 Kf7 40. Kg3 g5 41. Bc2 Re8 42.
Rxe8 1/2-1/2

[Event "EU-Cup 21st"]
[Site "Saint Vincent"]
[Date "2005.09.20"]
[Round "3.1"]
[White "Stefansson, Hannes"]
[Black "Thorhallsson, Throstur"]
[Result "1/2-1/2"]
[WhiteElo "2579"]
[BlackElo "2454"]
[Annotator "Marin,M"]
[PlyCount "59"]
[EventDate "2005.09.18"]
[EventType "team-swiss"]
[EventRounds "7"]
[EventCountry "ITA"]
[SourceTitle "CBM 110"]
[Source "ChessBase"]
[SourceDate "2006.01.31"]
[SourceVersion "1"]
[SourceVersionDate "2006.01.31"]
[SourceQuality "1"]
[WhiteTeam "Reykjavik Hellir"]
[BlackTeam "Reykjavik CC"]
[WhiteTeamCountry "ISL"]
[BlackTeamCountry "ISL"]

1. c4 e6 2. Nc3 d5 3. d4 Nf6 4. cxd5 exd5 5. Bg5 c6 6. e3 Be7 7. Bd3 O-O 8. Qc2
Nbd7 9. Nf3 Re8 10. h3 Nf8 11. Bf4 Ng6 {It is hard to refrain from winning a
tempo with this move, of course.} ({However, at the present stage of theory, I
feel that the position arising after the immediate} 11... Bd6 12. Bxd6 Qxd6 {
is easier to handle for Black than that from our main game. This mainly
applies in the case that White castles long. On g6, the knight will be exposed
to the advance of the white pawns, while from f8 it would over-defend the
h7-pawn, allowing the transfer of the other knight to the queen side. See 1/
2-1/2 Jacimovic,D (2438)-Kveinys,A (2510)/Gothenburg 2005/CBM 109 [Marin] (21).
However, White can adopt a flexible policy: castle long in case of 11...Ng6
and castle short if 11...Bd6. See also the game Volkov-Bagojevic from this
same issue of CBM.}) 12. Bh2 Bd6 13. Bxd6 Qxd6 14. O-O-O Be6 15. Kb1 Rac8 {
To a certain extent this is the continuation of the theoretical discussion
held in a game that I have examined for CBM 108.} 16. g4 ({The more prudent
alternative is} 16. Rc1 {when Black's most active continuation is} b6 17. g4 c5
18. Ba6 Rb8 19. Nb5 {Khenkin,I (2579)-Halasz,T (2382) Recklinghausen op 12th
2001 (7) 1-0 In m comments for CBM 108, I suggested here an improvement over
the game} {Curiously, just a couple of hours after sending my contribution for
CBM 108, I had the occasion to test my novelty in the following game played on
the Internet (at a time rate of 25' + 5'' per move):} Qe7 $146 (19... Qd7) 20.
dxc5 bxc5 21. Qxc5 Rb6 22. Qxe7 (22. Nc7 Reb8 23. b3 Qd7 $44) 22... Rxe7 23.
Nc7 Rxc7 24. Rxc7 Rxa6 25. Nd4 {In my comments, I had ended my variation here
with the evaluation "~~". In fact, it might be that Black has the easier play
already.} h5 26. f4 Nf8 27. gxh5 (27. g5 Ne4 28. f5 Bd7 29. Rg1 g6 $1 $15)
27... Nxh5 28. Rhc1 Bxh3 29. R1c6 Ra4 30. b3 Rxd4 $5 31. exd4 Nxf4 32. Rxa7
N8e6 ({I was afraid to start the pawn race, overlooking the fact that aftare} 
32... g5 33. b4 g4 34. b5 g3 35. b6 Bf5+ 36. Ka1 $8 {I can cause the rooks
problems catching the pawn with the simple} Ne2 {for instance} 37. Ra3 g2 38.
Rc1 Nd7 39. b7 Nxc1 40. Rg3+ Kf8 41. Rxg2 Ke7 $19) 33. a4 Nxd4 34. Rcc7 Nfe6 ({
Simpler would have been} 34... Nxb3 35. Rxf7 Ne6 36. Kb2 Nbc5 37. a5 Bg4 38.
Kc3 Be2 $11 {with a probable draw.}) 35. Rc3 Bf5+ 36. Kb2 g5 37. b4 Ne2 38. Re3
N2f4 39. b5 d4 40. Rb3 d3 $2 (40... Nd3+ $142 41. Ka3 Ndc5 $13) 41. b6 Nc5 42.
b7 Nxb7 43. Raxb7 Kg7 (43... d2 44. Rb8+ Kg7 45. Rd8 $18) 44. Kc1 g4 45. Kd2 g3
46. a5 g2 47. Rb1 Ne2 (47... Nh3 48. a6 Be4 49. R7b4 Bf3 50. a7 g1=Q 51. Rxg1+
Nxg1 52. Rf4 $1 $18) 48. a6 Be4 49. Re7 Bc6 50. Rxe2 dxe2 51. a7 $18 {1-0
Psakhis,L-Marin,M/WorldChessNetwork.com 2005 (57)} (51. Kxe2 $2 Bb5+ $11))
16... c5 17. dxc5 Rxc5 18. Nd4 b5 $5 $146 {This is the kind of active move
that one should consider in positions with opposite side castles. However,
depending on each individual situation, it could be playable or not; only
concrete analysis and practical testing can give an answer about it. The idea
of the sacrifice is quite clear: Black intends to open files on the queen side.
} ({The dubious} 18... Ne5 $6 {Bocharov,D (2574)-Azarov,S (2572) EU-ch 6th
qual rapid 2005 (1.3) 0-1 was eventually successful in}) ({In the notes to the
above mentioned game I gave} 18... Bd7 {Lazarev,V (2501)-Tyomkin,D (2495)
Financial Concept op 6th 1999 (8) 1-0 as better, suggesting an improvement over
}) 19. Ncxb5 {Obviously, White has to accept the sacrifice. Otherwise, Black
would continue gaining space on the queen side without having invested a whole
tempo in such a preparatory move like ...a6. However, chosing from the 3
possible captures is by no means easy.} ({First of all, the apparently not
very logical} 19. Bxb5 {could cause Black unexpected problems:} Rec8 20. Nb3 {
Another paradoxical move. Because of the pin along the d-file, the f6-knight
is denied the e4-square.} R5c7 ({The thematical sacrifice} 20... Rxc3 {seems
to be insufficient, for instance} 21. bxc3 Qb6 22. Bd3 Ne4 23. Ka1 $5 $16) 21.
g5 Nd7 22. f4 Ne7 23. Bd3 $1 {By hitting h7, this move defends the queen with
gain of time, an important tactical detail as we shall soon see.} g6 24. Nb5 $1
Rxc2 25. Nxd6 {and, with both his rooks hanging, Black loses material.}) ({
If White intended to capture with a knight, then} 19. Ndxb5 {seems to leave
him a wider choice after} Qb6 {because his queen is not hanging as it did in
the game.}) 19... Qb6 20. Nc3 {The most solid continuation.} ({In case of} 20.
Qd2 Ne5 {White's pieces would be sligthly hanging and the knight might have to
return anyway.}) 20... Ne5 21. Nxe6 {Giving up this powerful knight, which
safely blocked the enemy central pawn and defended the weak f3-square, is an
obvious concession. White probably wanted to clarify matters before Black
grabs the initiative on the queen side.} ({More consistent would have been} 21.
Ka1 {although Black's compensation would have been obvious after, for instance,
} Rb8 (21... Nxd3 22. Qxd3 Ra5 23. f3 Nd7) (21... Rec8 $2 22. Na4 Rxc2 23. Nxb6
$16 {[%csl Yc2,Yc8]}) 22. f3 Nxd3 23. Rxd3 Nd7 {Although there is no concrete
threat yet, White is restricted in his actions because of the strong queen
side pressure exerted by his opponent.}) (21. f3 $5 {deserves attention as well
}) ({but after} 21. g5 Ne4 22. Bxe4 dxe4 {White should probably transpose to
the game by capturing on e6, before the bishop becomes too strong.}) 21... fxe6
{Rather unnatural. Black closes the e-file in front of his rook and weakens
the pawn structure as well. He probably wanted to keep his queen on the b-file
in order to enable the knight's jump to e4, but as we shall see things are not
simple there either.} ({In case of} 21... Qxe6 {he might have feared such a
line:} 22. g5 Nxd3 23. Qxd3 ({The intermediate} 23. gxf6 {leads nowhere in
view of} Nb4 24. Qb3 Qf5+ 25. e4 Rxe4 $1 {with perpetual check.}) 23... Ne4 24.
Nxe4 dxe4 25. Qd7 {However, the four rook ending resulting after} Rxg5 26. Qxe6
fxe6 {is very sharp, with chances for both sides. Although White's structure
looks better, Pf2 and Ph3 are no less weak than Pe4 and Pe6.}) 22. g5 ({Now,} 
22. Ka1 {would be less effective because after} Rb8 {White could not take the
e4-square under control with f3, which keeps him under the permanent danger of
Ne4 (eventually after the capture on d3).}) 22... Ne4 23. Bxe4 dxe4 24. Qb3 ({
Optically, the position resulting after} 24. Qxe4 Nc4 (24... Rxc3 25. Qxe5) 25.
b3 Qb4 {looks pretty dangerous for White, but he seems to be able to defend
properly with} 26. Qd4 {when Black still needs to prove his compensation for
the 2 missing pawns.} (26. Qd3 $2 Ne5 $19) (26. Rd3 Qxc3 $1 27. Rxc3 Nd2+ 28.
Kb2 Nxe4 $19 {The knight completes his lethal incursion in White's territory
by defending the own rook at the same time.})) (24. Rd4 Nf3 25. Rxe4 $2 Qb7 $1
$17 {[%csl Rc3,Re4,Rh1][%cal Yb7h1,Yb7b2,Gf3d2,Gc5c3]}) 24... Qc6 $1 {Suddenly,
Black is perfectly coordinated and White should think about his safety.} 25.
Rd4 $6 {Possibly missing Black's simple reply, which reestablishes the
material equality, maintaining the positional advantage.} (25. h4 $142 Rc8 26.
Rd4 ({It is a good idea to keep the rook active while still possible. In case
of} 26. h5 Nd3 {White is almost paralized because} 27. Nxe4 $2 {leads to mate
after} Rc1+) 26... Nf3 27. Rdd1 {Black obviously has a nice position and can
force a draw by repetition, but can he do more, being a pawn down?}) 25... Nf3
26. Rdd1 Rxg5 $15 {Black has won his pawn back and maintains the control of
the position. His chances are preferrable.} 27. Qa3 Rc5 28. Ne2 Rc8 29. Nc3 h6
30. Ka1 {From an objective point of view, Black's decision to agree to a draw
looks premature. It might have been cause by time trouble or by the respect
for the opponent.} 1/2-1/2

[Event "RUS-ch sf 58th"]
[Site "Kazan"]
[Date "2005.09.07"]
[Round "5"]
[White "Vitiugov, Nikita"]
[Black "Popov, Valerij"]
[Result "1-0"]
[WhiteElo "2519"]
[BlackElo "2570"]
[Annotator "Marin,M"]
[PlyCount "67"]
[EventDate "2005.09.03"]
[EventType "swiss"]
[EventRounds "9"]
[EventCountry "RUS"]
[SourceTitle "CBM 109"]
[Source "ChessBase"]
[SourceDate "2005.11.14"]
[SourceVersion "1"]
[SourceVersionDate "2005.11.14"]
[SourceQuality "1"]

1. d4 Nf6 2. c4 e6 3. Nc3 d5 4. cxd5 exd5 5. Bg5 Be7 6. e3 Nbd7 7. Bd3 c6 8.
Nge2 Nh5 9. Bxe7 Qxe7 10. Qc2 g6 11. O-O-O Nb6 12. h3 {With the knight being
developed on e2, this plan is out of fashion nowadays.} ({Current theory
considers} 12. Ng3 {to be the critical continuation, see for instance 1-0 Fish,
G (2523)-Kern,G (2355)/Germany 2005/CBM 106/[Marin] (34)}) 12... Bd7 13. g4 Ng7
14. e4 $146 {Although the idea of breaking the centre when the black king
hasn't castled yet is not new, in this concrete position this move has never
been plyed before.} ({Generally, for White it is not easy to find a good
employment of his e2-knight. For instance, the immediate} 14. Nf4 {can be
efficiently met by} g5 15. Nfe2 h5 $132 16. e4 $5 Be6 $1 ({Black shouldn't
give up the tension with} 16... dxe4 17. Nxe4 Be6 18. a3 hxg4 $6 {(Same kind
of mistake)} 19. hxg4 Rxh1 20. Rxh1 O-O-O 21. f3 f6 22. Qc5 Qxc5+ 23. Nxc5 Bg8
24. Rh6 $16 {1-0 Aleksandrov,A (2510)-Krivonosov,O (2415)/Stockholm 1995/EXT
98 (57)}) 17. exd5 $6 {But now, it is White who prematurely releases the
tension.} (17. Kb1) (17. f3) 17... Nxd5 18. Be4 Nb4 19. Qa4 a5 20. Ng3 Kf8 $15
{Black's pawn structure is better and his king is not in more danger than
White's. Besides, the white queen also feels rather uncomfortable.1/2-1/2
Malaniuk,V (2520)-Vaganian,R (2625)/Moscow 1988/URS-ch (41)}) ({A better idea
is to play} 14. Kb1 {and only after} O-O-O {jump with the knight to f4,} 15.
Nf4 {when Black has no time for ...g5 because his d5-pawn is hanging.} Kb8 16.
Be2 $1 {The bishop clears the d3-square, allowing the knight to get closer to
the critical e5- and c5-squares.} (16. Rde1 h5 17. Qe2 Rh6 18. Qf3 Ka8 19. Rhg1
hxg4 20. hxg4 g5 21. Nfe2 Rh4 22. Nc1 Nc4 23. Nb3 Nd6 24. Nc5 Bc8 $132 {
1/2-1/2 Fish,G (2440)-Ciolac,G (2365)/Bratislava 1993/EXT 97 (43)}) 16... Rc8
$5 {A slight change of move order compared to the first game where White came
up with the plan Kb1, Nf4 and Be2.} (16... Ne6 17. Nd3 Rc8 {was strongly met by
} 18. b4 $5 {when White managed to consolidate his spatial advantage onboth
wings and eventually win:} Nc4 19. Ka1 b6 20. Qb3 Rhd8 21. Rc1 Be8 22. Rhd1 f6
23. Bf3 Nc7 24. Nb2 Bf7 25. Be2 Nd6 26. Rc2 Ncb5 27. Nb1 Ne8 28. Rdc1 Qb7 29.
Qd3 Nbd6 30. Qd1 Qd7 31. h4 Rc7 32. Qg1 Ka8 33. Qg2 $16 {1-0 Granda Zuniga,J 
(2550)-Nogueiras,J (2540)/Buenos Aires 1991/CBM 024 (63)}) 17. Ka1 ({I suppose
that Black's intention was to meet} 17. Nd3 {with} h5 {, which would not have
been faourable with the white knight on f4 or the black knight on e6 because
of the simple gxh5.}) 17... Ne6 18. Nd3 c5 19. dxc5 Nxc5 20. Nxc5 Rxc5 21. Rd4
Be6 22. Rhd1 Rhc8 23. Bf1 Qc7 24. f4 {White's king side weaknesses prevent him
from converting his pressure against the isolani into something concrete, 1/
2-1/2 Grigore,G (2526)-Ciolac,G (2389)/Cesenatico 1999/EXT 2000}) 14... dxe4 ({
In case of} 14... Be6 15. e5 {planning f4 the difference of two tempi compared
to the game Malanjuk-Vaganian could make itself felt.}) 15. Nxe4 f5 {Although
apparently risky, this move seems to be correct. There is little danger for
Black along the e-file so far, mainly because of the relatively unfavourable
position of the white king's knight. Black feels like driving the central
knight away as soon as possible, weakening the enemy king side structure at
the same time.} (15... O-O-O $6 16. Qc5 $1 $14 {would leave Black with
problems defending his dark squares.}) (15... Ne6 16. f4 $36 {/\f5 would allow
White justify the placement of his pieces and pawns.}) 16. Nc5 fxg4 17. hxg4 ({
In case of} 17. Nxb7 {Black could change his plans with} O-O {[%csl Gb7,Yf2]
[%cal Rf8f2]}) 17... O-O-O 18. Rhg1 {White has the more active placement of
his pieces, but his structure is far from perfect. During the next phase of
the game, Black will try to occupy or at least control all the weak squares
left behind by the enemy pawns, while White will aim to consolidate his
structure with the help of his minor pieces.} Ne6 19. Be4 Rhf8 20. f3 Ng5 21.
Qc3 Be6 $6 {Slightly careless.} ({Safer would have been} 21... Kb8 22. Qb4 Ka8
{when Black's king is out of any danger while the white weakness might soon
tell.}) 22. Qa3 $1 {Quite unexpectedly, the simple threat against the a7=pawn
is not that easy to parry.} Bd5 $6 {But this looks like panic already.} ({
Obviously,} 22... Kb8 $2 {was impossible in view of} 23. Na6+ $1 {winning the
queen}) ({but} 22... a6 {looks entirely playable when after} 23. Bxc6 $5 Bd5 $1
({But not} 23... bxc6 $2 24. Qxa6+ Kc7 25. Qa7+ $18) 24. Bxd5 Nxd5 $44 {
Black has reasonable compensation for the minimal material deficit, in view of
the numerous pawn weaknesses in White's camp.}) 23. Qxa7 {Now, Black will find
it hard to reach safety for his king.} Bxe4 24. fxe4 Nxe4 25. Na6 $1 Qg5+ 26.
Kb1 bxa6 27. Qxa6+ Kc7 28. Qa7+ Kd6 29. Qxb6 Rb8 30. Qa6 Qe3 $2 {This attempt
to obtain counterplay places the queen too far from the own king.} ({Correct
would have been} 30... Qb5 31. Qa3+ Qb4 $14 {when Black's active position
would offer him adequate surviving chances.}) 31. Ka1 $40 Rf2 32. Rc1 Rxb2 33.
Rxc6+ Kd5 34. Qc4# 1-0